[Event "Batatais op 2nd"]
[Site "Batatais"]
[Date "2011.12.18"]
[Round "6"]
[White "Cappato, Kaiene Lourenco"]
[Black "De Lima, Larissa Alves"]
[Result "1/2-1/2"]
[WhiteElo "1635"]
[BlackElo "1788"]
[PlyCount "70"]
[EventDate "2011.12.16"]
[EventType "swiss"]
[EventRounds "6"]
[EventCountry "BRA"]
[SourceTitle "EXT 2013"]
[Source "ChessBase"]
[SourceDate "2012.11.22"]
[SourceVersion "1"]
[SourceVersionDate "2012.11.22"]
[SourceQuality "1"]

1. d4 Nf6 2. Nf3 e6 3. b3 Nc6 4. e3 a6 5. Nbd2 Bb4 6. Bd3 Bc3 7. Rb1 Nb4 8. a3 Na2 9. 0-0 Nxc1 10. Qxc1 h6 11. b4 Bxd2 12. Qxd2 d6 13. c4 0-0 14. Rfc1 Bd7 15. c5 Re8 16. Qe2 e5 17. dxe5 dxe5 18. Bc4 Bg4 19. Qa2 Be6 20. Nxe5 Bxc4 21. Nxc4 Qe7 22. Na5 c6 23. Nc4 Rad8 24. Rd1 Rxd1+ 25. Rxd1 Rd8 26. Rxd8+ Qxd8 27. Nd6 Qe7 28. Qc2 Qe5 29. Qb1 Ng4 30. g3 Nxe3 31. fxe3 Qxe3+ 32. Kf1 Qf3+ 33. Kg1 Qe3+ 34. Kg2 Qe2+ 35. Kh3 Qh5+ 1/2-1/2

[Event "Batatais op 2nd"]
[Site "Batatais"]
[Date "2011.12.17"]
[Round "4"]
[White "De Lima, Larissa Alves"]
[Black "Vilas Boas, Crisolon Terto"]
[Result "1-0"]
[WhiteElo "1788"]
[BlackElo "1631"]
[PlyCount "143"]
[EventDate "2011.12.16"]
[EventType "swiss"]
[EventRounds "6"]
[EventCountry "BRA"]
[SourceTitle "EXT 2013"]
[Source "ChessBase"]
[SourceDate "2012.11.22"]
[SourceVersion "1"]
[SourceVersionDate "2012.11.22"]
[SourceQuality "1"]

1. c4 e6 2. g3 d5 3. e3 Nf6 4. Qc2 c5 5. Nf3 Nc6 6. cxd5 exd5 7. d3 Be7 8. Bg2 0-0 9. 0-0 Nb4 10. Qe2 Bf5 11. Ne1 Re8 12. a3 Nc6 13. Nf3 Bf8 14. Nbd2 Qb6 15. Nh4 Bg4 16. Bf3 Bh3 17. Ng2 Nd4 18. Qd1 Nxf3+ 19. Nxf3 Bg4 20. Nge1 Qa6 21. Kg2 Rad8 22. Rh1 b5 23. Bd2 c4 24. d4 Ne4 25. h3 Bh5 26. g4 Bg6 27. Nh4 Nxd2 28. Qxd2 Be4+ 29. Nhf3 g5 30. Kg1 Bxf3 31. Nxf3 h6 32. Kg2 Qb6 33. Qc2 a5 34. h4 Qg6 35. Qxg6+ fxg6 36. Ne5 Re6 37. hxg5 hxg5 38. Rh3 Bg7 39. Nf3 Kf7 40. Nxg5+ Kf6 41. Nxe6 Kxe6 42. Rh7 Rg8 43. Rf1 b4 44. axb4 axb4 45. f4 Kf6 46. Rc1 b3 47. Kf3 g5 48. fxg5+ Kxg5 49. Rh5+ Kg6 50. Ke2 Rd8 51. Ra1 Rd6 52. Kd2 Bf6 53. Ra8 Bg7 54. Rf5 Bf6 55. Ra5 Be7 56. Raxd5 Re6 57. Rfe5 Bb4+ 58. Kc1 Ra6 59. Rg5+ Kf6 60. Rdf5+ Ke7 61. Re5+ Kd8 62. Rg8+ Kc7 63. Rg7+ Kc6 64. Re6+ Bd6 65. Rgg6 Kd7 66. d5 Ra1+ 67. Kd2 Bb4+ 68. Ke2 Re1+ 69. Kf2 Rb1 70. Rg7+ Kd8 71. Ra6 Be1+ 72. Kf3 1-0